| 000 | 00495nam a2200157 i 4500 | ||
|---|---|---|---|
| 001 | 82608 | ||
| 003 | ES-MaACL | ||
| 005 | 20230906174713.0 | ||
| 007 | t| | ||
| 008 | 041111s1948 sp ||||1| spa d | ||
| 100 | 1 |
_aInglada, Vicente. _965294 |
|
| 245 | 1 | 0 |
_aMétodos para la resolución de los problemas geométricos / _cpor Vicente Inglada García-Serrano. |
| 260 |
_aMadrid : _bDossat, _c1948 ( _fTip. Artística) |
||
| 300 |
_a476 p. : _bil. ; _c21 cm. |
||
| 852 |
_aES-MaACL _jD-6960 _bR.26405 |
||
| 999 |
_c82608 _d82608 |
||